000 00500nam a2200169 a 4500
005 20140310183136.0
008 021119s19uu xx 00 eng d
020 _a9718967818
050 _aHF 5549
_b.An25 1998
100 _aAndres, Tomas D.
245 _aDictionary of organizational development /
_cTomas D. Andres.
260 _aQuezon City :
_bGiraffe Books,
_c1998.
300 _a76 p. :
_c23 cm.
650 _aOrganizational development
_xdictionaries
942 _cBK
_2lcc
999 _c19289
_d19289